000 00244nam a2200109Ia 4500
008 190216s9999||||xx |||||||||||||| ||und||
100 _aAgarwal An
245 0 _aFundamentals Of Accountancy
260 _bNull
_c1967
300 _a234p
942 _cBK
999 _c4351
_d4351